Missing Word: Amendments A-Z Quiz Stats

 Plays Quiz Updated May 5, 2018

Score 0/24 Timer 04:00
0 Plays Today
Amendment Excerpt Word % Correct
5th: '...without ___ process of law...'Due
91.5%
1st: '...or abridging the _______ of speech...'Freedom
87%
12th: '...in the presence of the Senate and _____ of Representatives, open all the certificates and the votes shall then be counted.'House
86.8%
7th: '...the right of trial by ____ shall be preserved...'Jury
85.4%
3rd: '...in any house, without the _______ of the Owner...'Consent
81.4%
5th: '...unless on a presentment or indictment of a _____ Jury...'Grand
80.7%
26th: '...who are eighteen _____ of age or older, to vote shall not be denied...'Years
78.6%
24th: '...by reason of failure to pay poll ___ or other ___...'Tax
78%
8th: '...nor cruel and _______ punishments inflicted.'Unusual
75.3%
2nd: '...the right of the people to ____ and bear arms...'Keep
74.5%
15th: ' The right of citizens of the United States to ____ shall not be denied...on account of race...'Vote
74.4%
25th: '...the President shall nominate a Vice President who shall take _____ upon confirmation...'Office
67.7%
Amendment Excerpt Word % Correct
4th: '...against unreasonable searches and ________...'Seizures
67.2%
9th: 'The enumeration in the Constitution, of certain ______, shall not be construed to deny or disparage others retained by the people.'Rights
65%
2nd: 'A well regulated Militia, being _________ to the security of a free State...'Necessary
63.2%
3rd: 'No Soldier shall, in time of peace be _________ in any house...'Quartered
62.9%
4th: 'no ________ shall issue, but upon probable cause...describing the place to be searched...'Warrants
62%
18th: '...the ___________, sale, or transportation of intoxicating liquors...'Manufacture
58.5%
5th: '...except in cases arising in the ____ or naval forces, or in the Militia...'Land
45.5%
8th: 'Excessive ____ shall not be required...'Bail
42.5%
10th: 'The ______ not delegated to the United States by the Constitution....'Powers
39.4%
1st: 'Congress shall make no law respecting an ____________ of religion...'Establishment
39.2%
13th: 'Neither slavery nor ___________ servitude...shall exist within the United States...'Involuntary
35.4%
6th: '... to be informed of the nature and cause of the __________...'Accusation
30%

Today's Daily Dose

Missing Word
1940s A-Z

Quick Pick
'S' Athletes

Get the Picture
Depp or Bonham Carter

You're not logged in!

Compare scores with friends on all Sporcle quizzes.
OR
Log In

Sporcle TV

Today on Sporcle TV


Watch our educational content, quiz creation guides, and fun videos on Sporcle TV.

Show Comments

Extras

Top Quizzes Today


Score Distribution

Your Account Isn't Verified!

In order to create a playlist on Sporcle, you need to verify the email address you used during registration. Go to your Sporcle Settings to finish the process.

Report this User

Report this user for behavior that violates our Community Guidelines.

Details: